| 000 | 01476nam a2200289 i 4500 | ||
|---|---|---|---|
| 001 | 184244 | ||
| 003 | ES-MaACL | ||
| 005 | 20250713041043.0 | ||
| 008 | 150527s2008 sp ag |||| | spa d | ||
| 020 | _a978-84-96411-38-8 | ||
| 080 | _a821.134.2 Cervantes Saavedra, Miguel de 7 Quijote.07 | ||
| 245 | 0 | 0 |
_aDon Quijote en el Ateneo de Madrid / _cedición de Nuria Martínez de Castilla Muñoz. |
| 260 |
_a[Madrid] : _bSociedad Estatal de Conmemoraciones Culturales, _c[2008] |
||
| 300 |
_a403 p. : _bil., mús. ; _c25 cm. |
||
| 505 | 8 | _aContiene: Estudios, 2005 . El Ateneo de Madrid y el Tercer Centenario del Quijote de 1905 / Eric Storm . El año 1905 / José Luis Abellán | |
| 505 | 8 | _aContiene: Conferencias, 1905 . Retablo de Maese Pedro / Miguel de Cervantes Saavedra | |
| 600 | 1 | 4 |
_aCervantes Saavedra, Miguel de, _d1547-1616. _tDon Quijote de la Mancha- _vAniversarios y centenarios _937614 |
| 610 | 2 | 4 |
_aAteneo de Madrid- _vConferencias- _y1900-1939 _91907 |
| 610 | 2 | 4 |
_aAteneo de Madrid. _bSección de Literatura. _91997 |
| 700 | 1 |
_aMartínez de Castilla Muñoz, Nuria. _9156911 |
|
| 710 | 2 |
_aSociedad Estatal de Conmemoraciones Culturales (España) _9134893 |
|
| 740 | 3 | 2 | _aEl Ateneo de Madrid y el Tercer Centenario del Quijote de 1905. |
| 852 | 4 |
_aES-MaACL _jA-13485 _9191228 _bR.150823 _cDEPO1 _dOlim: N-6485 _hDonación: Real Academia Española |
|
| 914 |
_96336 _aReal Academia Española _ednr |
||
| 942 |
_2udc _cMONOGRAFIA |
||
| 999 |
_c184244 _d184244 |
||